00866nam a2200217Ii 45000010005000000030009000050080041000140400033000550410008000880820015000961100083001112450131001942640029003253000012003543360026003663370028003923380027004209400050004479990017004979520134005144686CO-ViMGA241108s9999||||xx |||||||||||||| ||und|| aCO-ViMGAbspaerdacCO-ViMGA0 aspa04a631.1 O73t1 aOrganización de las Naciones Unidas para la Agricultura y la Alimentación,10aTecnología de las semillas de cereales :bManual de producción control de calidad y distribución de semillas de cereales 1aRoma, Italia : FAO, 1977 avolumen atextbtxt2rdacontent aunmediatedbn2rdamedia avolumebnc2rdacarrier aidficha_siabuc: 4567. -- ficha_no_siabuc:4686 c49679d49679 001040708001aMEVIGERRbMEVIGERRcGENd2006-11-27o631.1 O73tpECA3629r2024-11-26 10:01:17tEj.1w2024-11-26yBKz4567 | 6620